| 000 | 00562nam a2200205Ia 4500 | ||
|---|---|---|---|
| 003 | LK-CoDNM | ||
| 005 | 20240228110141.0 | ||
| 008 | 010623t1949 xxu||||| |||| 00| 1 sin d | ||
| 040 |
_aLK-CoDNM _dLK-CoDNM _eLK-CoDNM |
||
| 041 | _asin | ||
| 080 | _a104 V21 | ||
| 100 | _aPiyadasa,A.K.Steevan | ||
| 245 | _a1868 ශ්රිධර පඤ්චාංග ලිත | ||
| 246 | _aSridhara Ephemeris and Almanac | ||
| 260 |
_bP.M.C.De Silva _aMatara _c1946 _c47 |
||
| 300 |
_bDamaged _a24p.,24 cm |
||
| 650 | _aAlmanac | ||
| 650 | _aAstrology | ||
| 942 | _cBK | ||
| 999 |
_c101758 _d101758 |
||